| 000 -LEADER |
| fixed length control field |
00391nam a22001217a 4500 |
| 008 - FIXED-LENGTH DATA ELEMENTS--GENERAL INFORMATION |
| fixed length control field |
260127b ||||| |||| 00| 0 eng d |
| 100 ## - MAIN ENTRY--PERSONAL NAME |
| Personal name |
Dharmapalan, Biju |
| 245 ## - TITLE STATEMENT |
| Title |
Navigating the future workforce: New age employability skills for a sustainable career |
| 260 ## - PUBLICATION, DISTRIBUTION, ETC. (IMPRINT) |
| Place of publication, distribution, etc |
University News |
| 300 ## - PHYSICAL DESCRIPTION |
| Extent |
63(51), Dec 22-28, 2025: p.105-107 |
| 773 ## - HOST ITEM ENTRY |
| Main entry heading |
University News |
| 942 ## - ADDED ENTRY ELEMENTS (KOHA) |
| Item type |
Articles |